Význam riadenia pracovného výkonu pre výkonnosť firiem v podnikovej praxi
Saved in:
| Main Author: | |
|---|---|
| Other Authors: | |
| Format: | Manuscript Book |
| Language: | Slovak |
| Published: |
Trnava :
STU v Bratislave MTF,
2011
|
| Subjects: | |
| Online Access: | VAIS |
| Tags: |
No Tags, Be the first to tag this record!
|
MARC
| LEADER | 00000ntm a22000003a 4500 | ||
|---|---|---|---|
| 001 | stu232130 | ||
| 005 | 20150617230145.0 | ||
| 008 | 110723s2011----xo------------------slo-d | ||
| 040 | |a STU |b slo | ||
| 041 | 0 | |a slo | |
| 044 | |a xo | ||
| 100 | 1 | |a Ilavský, Martin, |d 1970- |4 aut |u M4000 |U MTF Materiálovotechnologická fakulta |T MTF Ústav priemyselného inžinierstva a manažmentu |X 53090 |U M4000 |Y 84 |7 A000053090 | |
| 242 | 0 | 0 | |a Importance of Labour Efficiency Management for Company Performance in Practice |y eng |
| 245 | 1 | |a Význam riadenia pracovného výkonu pre výkonnosť firiem v podnikovej praxi | |
| 260 | |a Trnava : |b STU v Bratislave MTF, |c 2011 | ||
| 650 | 7 | |a priemyselné manažérstvo |2 stusub | |
| 650 | 7 | |a Industrial Management |2 estusub | |
| 650 | 7 | |a key performance indicators |2 estusub | |
| 650 | 7 | |a performance management |2 stusub | |
| 700 | 1 | |a Baran, Dušan |4 ths |u C240 |U FCHPT Fakulta chemickej a potravinárskej technológie |T FCHPT Oddelenie manažmentu |U C240 |Y 130 | |
| 856 | 4 | |a info a plný text |u http://is.stuba.sk/zp/portal_zp.pl?podrobnosti=54855 |3 VAIS | |